Geographie - A quel pays appartenaient autrefois ceux-ci ? - Statistiques

Statistiques générales
  • Ce quiz a été pris 208 fois
  • Le résultat moyen est 32 sur 38
Statistiques - réponses
PAYS ACTUEL AUTREFOIS % Correct
Arménie URSS
96%
Azerbaïdjan URSS
96%
Biélorussie URSS
96%
Estonie URSS
96%
Kazakhstan URSS
96%
Kirghizistan URSS
96%
Lettonie URSS
96%
Moldavie URSS
96%
Ouzbékistan URSS
96%
Tadjikistan URSS
96%
Turkménistan URSS
96%
Ukraine URSS
96%
Bosnie-Herzégovine Yougoslavie
94%
Croatie Yougoslavie
94%
Kosovo Yougoslavie
94%
Macédoine Yougoslavie
94%
Monténégro Yougoslavie
94%
Serbie Yougoslavie
94%
Slovénié Yougoslavie
94%
Irlande Royaume-Uni
93%
Vatican Italie
91%
Slovaquie Tchécoslovaquie
85%
Tchéquie Tchécoslovaquie
85%
Soudan-du-Sud Soudan
81%
Islande Danemark
79%
Belgique Pays-Bas
78%
Luxembourg Pays-Bas
78%
Finlande Russie
78%
Timor oriental Indonésie
77%
Bulgarie Turquie
77%
Grèce Turquie
77%
Roumanie Turquie
77%
Erythrée Ethiopie
72%
Singapour Malaisie
67%
Namibie Afrique-du-Sud
63%
Bangladesh Pakistan
62%
Hongrie Autriche-Hongrie
58%
Pologne (3 pays en ordre alpha) Allemagne Autriche-Hongrie Russie
8%
Aucun quiz correspondant
Distribution des résultats
% des personnes avec chaque résultat
Percentile par nombre de réponses
Votre historique - résultats
Vous n’avez pas pris ce quiz